00636nam a2200205 a 4500008004100000020002200041100002200063245010800085250001200193260003400205300003600239440003200275500002000307650003300327650001900360700002400379003000100403005001700404040000900421  a0073330647 (pbk.)1 aBentley, Jerry H.10aTraditions & encounters :ba global perspective on the past /cJerry H. Bentley and Herbert F. Ziegler. a4th ed. aBoston :bMcGraw-Hill,c2008. axxxii, 456 p. :bill. ;c26 cm. aFrom the beginning to 1000. aIncludes index. aIntercultural communication. 1aWorld history. aZiegler, Herbert H.20230123125353.0 cNUST